000
00316nam a2200121Ia 4500
005
20260328104257.0
008
260328s9999||||xx |||||||||||||| ||und||
100
_a
Fernández Barba, Fernando
245
0
_a
Habita-Mueble /
_c
Fernando Fernández Barba
260
_b
CIDI
650
_a
DISEÑO INDUSTRIAL
942
_c
BK
999
_c
10468
_d
10468